[Event "2.Internationales Spandauer Weihnachtso"]
[Site "Spandau"]
[Date "2016.12.29"]
[Round "6.2"]
[White "Muse, Drazen"]
[Black "Ahmadinia, Ebrahim"]
[Result "0-1"]
[WhiteElo "2358"]
[BlackElo "2357"]
[Annotator "Stelti"]
[PlyCount "68"]
[EventDate "2016.??.??"]
[BlackTeamCountry "IRI"]
[TimeControl "6000+1090"]
[WhiteClock "0:01:39"]
[BlackClock "0:14:45"]

1. d4 d5 2. Nf3 Nf6 3. c4 c6 4. e3 Bf5 5. Nc3 e6 6. Nh4 Be4 7. f3 Bg6 8. g3
Nbd7 9. Qb3 Qb6 10. Nxg6 hxg6 11. Bg2 Qc7 12. O-O dxc4 13. Qxc4 e5 14. dxe5
Nxe5 15. Qe2 Rd8 16. Rd1 Rxd1+ 17. Nxd1 Bc5 18. Nf2 O-O 19. f4 Ned7 20. e4 Qb6
21. Kf1 Re8 22. e5 g5 23. Bh3 gxf4 24. gxf4 Nf8 25. Qf3 Nd5 26. Ne4 Qb4 27. Bd2
Qd4 28. Rd1 Ng6 29. Nxc5 Qxc5 30. e6 fxe6 31. Qe4 Ngxf4 32. Bg4 Rf8 33. Bf3
Qb5+ 34. Ke1 Nd3+ 0-1

[Event "2.Internationales Spandauer Weihnachtso"]
[Site "Spandau"]
[Date "2016.12.29"]
[Round "6.3"]
[White "Brustkern, Jürgen"]
[Black "Weber, Dirk"]
[Result "1/2-1/2"]
[WhiteElo "2230"]
[BlackElo "2246"]
[Annotator "Stelti"]
[PlyCount "100"]
[EventDate "2016.??.??"]
[TimeControl "6000+980"]
[WhiteClock "0:14:49"]
[BlackClock "0:09:03"]

1. c4 Nf6 2. Nc3 c5 3. e3 e6 4. d4 a6 5. Nf3 Qc7 6. Be2 Be7 7. O-O d6 8. b3 O-O
9. Bb2 Re8 10. Qc2 b6 11. Rad1 h6 12. d5 exd5 13. Nxd5 Nxd5 14. cxd5 Nd7 15.
Nd4 Bf6 16. h3 b5 17. Nf5 Ne5 18. Ng3 Nd7 19. Nh5 Bxb2 20. Qxb2 f6 21. Qc2 Nf8
22. e4 Ra7 23. Rd3 Qe7 24. Rg3 Qe5 25. f4 Qd4+ 26. Kh1 Kh8 27. Bf3 Rc7 28. f5
c4 29. Nf4 Bxf5 30. exf5 Qxf4 31. Rg4 Qe3 32. bxc4 Nd7 33. Qb3 Qxb3 34. axb3
Ne5 35. Re4 bxc4 36. bxc4 Rxc4 37. Rxc4 Nxc4 38. Ra1 a5 39. Ra4 Nd2 40. Rxa5
Nxf3 41. gxf3 Re5 42. Kg2 Rxf5 43. Kg3 Kh7 44. h4 Re5 45. f4 Re7 46. h5 f5 47.
Ra6 Rd7 48. Ra8 Rf7 49. Rd8 Rf6 50. Kh4 g6 1/2-1/2

[Event "2.Spand. W-Open 2016"]
[Site "Berlin"]
[Date "2016.12.29"]
[Round "6.7"]
[White "Hansch, Torsten"]
[Black "Tiarks, Jann-Christian"]
[Result "1-0"]
[WhiteElo "2138"]
[BlackElo "2030"]
[PlyCount "23"]
[EventDate "2016.??.??"]
[WhiteTeam "Stendaler Schachklub"]
[BlackTeam "USV Potsdam e.V., Abt. Schach"]

1. d4 d5 2. c4 e6 3. Nc3 c6 4. cxd5 exd5 5. Nf3 Nf6 6. Bg5 Be7 7. Qc2 O-O 8. e3
Nbd7 9. Bd3 Re8 10. O-O Ne4 11. Bf4 f5 12. Nxd5 1-0

[Event "2.Spand. W-Open 2016"]
[Site "Berlin"]
[Date "2016.12.29"]
[Round "6.8"]
[White "Nofal, Jameel"]
[Black "Gebigke, Martin"]
[Result "0-1"]
[WhiteElo "1873"]
[BlackElo "2106"]
[PlyCount "108"]
[EventDate "2016.??.??"]
[WhiteTeam "vereinslos"]
[BlackTeam "SC Kreuzberg e.V."]

1. e4 c5 2. Nc3 Nc6 3. f4 g6 4. Nf3 Bg7 5. Bb5 Nd4 6. Bd3 d6 7. Nxd4 cxd4 8.
Ne2 Nf6 9. O-O O-O 10. Qe1 e5 11. Kh1 Re8 12. Bb5 Bd7 13. Bxd7 Qxd7 14. d3 Rac8
15. fxe5 dxe5 16. Bg5 Re6 17. Qd2 h6 18. Bxf6 Bxf6 19. c4 Bg5 20. Qc2 b5 21. b3
Rb6 22. c5 a5 23. a3 Ra6 24. b4 Rca8 25. Rab1 axb4 26. axb4 Qe6 27. Nc1 Ra4 28.
h3 R8a6 29. Kh2 Bf4+ 30. Kh1 h5 31. Ne2 Bg5 32. Rb2 Ra3 33. Kh2 Kg7 34. Ng1 Rc3
35. Qe2 Raa3 36. Rd1 Bf4+ 37. g3 Bc1 38. Rbd2 Bxd2 39. Rxd2 Rc1 40. Qf3 Raa1
41. Ne2 Rf1 42. Qg2 Qf6 43. Ng1 h4 44. Rc2 hxg3+ 45. Qxg3 Rxg1 46. Qxg1 Rxg1
47. Kxg1 Qf3 48. Ra2 Qg3+ 49. Kh1 Qxh3+ 50. Kg1 Qg3+ 51. Kh1 Qxd3 52. Ra1 Qxe4+
53. Kh2 d3 54. Ra7 Qh4+ 0-1

[Event "2.Spand. W-Open 2016"]
[Site "Berlin"]
[Date "2016.12.29"]
[Round "6.10"]
[White "Koop, Sören"]
[Black "Kröncke, Manfred"]
[Result "1/2-1/2"]
[WhiteElo "2086"]
[BlackElo "2024"]
[PlyCount "65"]
[EventDate "2016.??.??"]
[WhiteTeam "SC Wrist-Kellinghusen von 1979"]
[BlackTeam "SG Glückstadt von 1920"]

1. e4 c5 2. Nf3 e6 3. d4 cxd4 4. Nxd4 Nc6 5. Nc3 Qc7 6. Be2 a6 7. O-O Nf6 8. a3
Nxd4 9. Qxd4 Bc5 10. Qd3 O-O 11. Be3 b5 12. Bxc5 Qxc5 13. Bf3 Bb7 14. Rad1 Rfd8
15. Qd6 Qg5 16. Rd3 Ne8 17. Qb6 Rab8 18. Qa7 Qe5 19. Rfd1 Qc7 20. Rxd7 Rxd7 21.
Rxd7 Qxd7 22. Qxb8 Kf8 23. Qf4 Qd4 24. Qe3 Qxe3 25. fxe3 e5 26. a4 bxa4 27.
Nxa4 Bc6 28. Nc5 a5 29. Be2 Ke7 30. Bd3 a4 31. Kf2 Nc7 32. Bc4 Kd6 33. Nd3
1/2-1/2

[Event "2.Spand. W-Open 2016"]
[Site "Berlin"]
[Date "2016.12.29"]
[Round "6.11"]
[White "Schreck, Robert"]
[Black "Magnussen, Helge"]
[Result "0-1"]
[WhiteElo "1937"]
[BlackElo "2084"]
[PlyCount "58"]
[EventDate "2016.??.??"]
[WhiteTeam "SC Zitadelle Spandau 1977 e.V."]
[BlackTeam "Elmshorner SC von 1896"]

1. Nc3 d5 2. e4 e6 3. exd5 exd5 4. d4 Bb4 5. Bd3 Nc6 6. Nf3 Bg4 7. Be3 Nge7 8.
h3 Bf5 9. O-O Qd7 10. a3 Bxc3 11. bxc3 Na5 12. Ne5 Qe6 13. Re1 Bxd3 14. Nxd3
Qf6 15. Qg4 Qg6 16. Bg5 f6 17. Rxe7+ Kxe7 18. Re1+ Kf8 19. Nf4 Qf7 20. Bh6 Kg8
21. Nxd5 Nc6 22. Bxg7 h5 23. Qg3 Qxg7 24. Nxf6+ Kf8 25. Qf4 Qf7 26. d5 Kg7 27.
Re6 Ne7 28. Qg5+ Kf8 29. Nxh5 Rxh5 0-1

[Event "2.Spand. W-Open 2016"]
[Site "Berlin"]
[Date "2016.12.29"]
[Round "6.12"]
[White "Allgaier, Erik"]
[Black "Oelmann, Henry"]
[Result "1-0"]
[WhiteElo "2040"]
[BlackElo "1999"]
[PlyCount "91"]
[EventDate "2016.??.??"]
[WhiteTeam "Betriebsschach BVG Helmhotlz"]
[BlackTeam "Schachclub Oranienburg e.V."]

1. c4 c5 2. g3 Nc6 3. Bg2 g6 4. Nc3 Bg7 5. e4 d6 6. Nge2 Bg4 7. h3 Bxe2 8. Nxe2
e5 9. O-O Nge7 10. d3 h6 11. Bd2 O-O 12. Rb1 a5 13. b3 Qd7 14. Kh2 Ra7 15. h4
Kh7 16. Bh3 f5 17. a3 b6 18. Be3 Qd8 19. f4 Rf7 20. Bg2 Qf8 21. Kg1 Nd8 22. b4
axb4 23. axb4 Ne6 24. bxc5 bxc5 25. Rb6 Nc8 26. Rb8 exf4 27. Bxf4 Ra1 28. Qxa1
Bxa1 29. Rxa1 Rd7 30. exf5 gxf5 31. Bc6 Rd8 32. Rb7+ Kh8 33. Bd2 Nd4 34. Nxd4
cxd4 35. Re1 Qg8 36. Kg2 Qg6 37. h5 Qf6 38. Bd5 Qf8 39. Re6 Nb6 40. Rxh6+ Qxh6
41. Bxh6 Nxd5 42. cxd5 Ra8 43. Bg7+ Kg8 44. Bxd4 Ra3 45. h6 Rxd3 46. h7+ 1-0

[Event "2.Spand. W-Open 2016"]
[Site "Berlin"]
[Date "2016.12.29"]
[Round "6.13"]
[White "Hansch, Stephan"]
[Black "Francke, Jörg"]
[Result "1-0"]
[WhiteElo "2120"]
[BlackElo "1949"]
[PlyCount "109"]
[EventDate "2016.??.??"]
[WhiteTeam "SC Empor Potsdam 1952 e.V."]
[BlackTeam "SC Weisse Dame e.V."]

1. d4 d5 2. c4 e6 3. Nf3 Nf6 4. g3 Bb4+ 5. Bd2 Bxd2+ 6. Nbxd2 O-O 7. Bg2 Nbd7
8. O-O c6 9. Qc2 Re8 10. e4 Nf8 11. Rad1 b6 12. Ne5 Bb7 13. b4 a5 14. a3 N6d7
15. Nd3 Qf6 16. e5 Qg6 17. Nf3 f6 18. cxd5 cxd5 19. Qb3 fxe5 20. Nfxe5 Qf6 21.
Rc1 a4 22. Qb2 Rac8 23. b5 Nxe5 24. Nxe5 Qe7 25. Rxc8 Bxc8 26. Re1 Bd7 27. Nxd7
Qxd7 28. Qb4 Ra8 29. Rc1 Rc8 30. Rxc8 Qxc8 31. Qxa4 Qc1+ 32. Bf1 Qd2 33. h4 Qa5
34. Qb3 Qd2 35. Qe3 Qb2 36. g4 Qa1 37. g5 Qd1 38. f3 Kf7 39. h5 Qb1 40. Kf2
Qc2+ 41. Kg3 Qc7+ 42. f4 g6 43. h6 Qd6 44. Qc3 Nd7 45. Bd3 Nf8 46. a4 Nd7 47.
Qc6 Qe7 48. a5 bxa5 49. b6 a4 50. b7 a3 51. Bb1 Qd8 52. Qxd7+ Qxd7 53. b8=Q Qa4
54. Qc7+ Ke8 55. Bxg6+ 1-0

[Event "2.Spand. W-Open 2016"]
[Site "Berlin"]
[Date "2016.12.29"]
[Round "6.14"]
[White "Weber, Erwin"]
[Black "Hahn, Thomas"]
[Result "1-0"]
[WhiteElo "2080"]
[BlackElo "1909"]
[PlyCount "61"]
[EventDate "2016.??.??"]
[WhiteTeam "Schachfreunde Berlin 1903 e.V."]
[BlackTeam "SC Empor Potsdam 1952 e.V."]

1. Nf3 Nf6 2. d4 d6 3. Bg5 Nbd7 4. Nc3 c6 5. e4 Qa5 6. Bd2 Qc7 7. a4 g6 8. Qc1
Bg7 9. Bh6 O-O 10. Bxg7 Kxg7 11. Be2 e5 12. dxe5 dxe5 13. Bc4 Nc5 14. Qe3 Ne6
15. Bxe6 Bxe6 16. O-O Nh5 17. Qc5 f6 18. Nb5 Qb8 19. Qe7+ Bf7 20. Nc7 Qc8 21.
Nxa8 Qxa8 22. Rfd1 Re8 23. Qc7 Rc8 24. Qd6 Nf4 25. Nxe5 g5 26. Nxf7 Kxf7 27.
Qd7+ Kg8 28. g3 Ng6 29. Qe6+ Kg7 30. Rd7+ Kh6 31. Qh3+ 1-0

[Event "2.Spand. W-Open 2016"]
[Site "Berlin"]
[Date "2016.12.29"]
[Round "6.15"]
[White "Krichi, Abdelkerim"]
[Black "Möhring, Peter"]
[Result "1-0"]
[WhiteElo "2068"]
[BlackElo "1865"]
[PlyCount "66"]
[EventDate "2016.??.??"]
[WhiteTeam "SF Berlin"]
[BlackTeam "USV TU Dresden"]

1. e4 g6 2. d4 Bg7 3. Nc3 d6 4. Be3 a6 5. Qd2 c6 6. O-O-O Nd7 7. Kb1 b5 8. f3
Qa5 9. g4 h5 10. gxh5 Rxh5 11. Nce2 b4 12. Nf4 Rh8 13. Nd3 Rb8 14. a3 c5 15.
dxc5 Bc3 16. axb4 Bxd2 17. bxa5 Bxe3 18. cxd6 exd6 19. Ne2 Nc5 20. c3 Nf6 21.
b4 Bd7 22. Nb2 Nb7 23. Nc4 Bf2 24. Nxd6+ Ke7 25. e5 Ne8 26. Nf4 Nc7 27. Nxf7
Bf5+ 28. Bd3 Kxf7 29. Bxf5 gxf5 30. Rd7+ Ke8 31. Rxc7 Rg8 32. Nd5 Rg1+ 33. Rxg1
Bxg1 1-0